LEADER 01099nam0-22003011i-450- 001 990002053100403321 005 20090427134535.0 035 $a000205310 035 $aFED01000205310 035 $a(Aleph)000205310FED01 035 $a000205310 100 $a20030910d1971----km-y0itay50------ba 101 0 $aeng 200 1 $a<>review of the biological control of insects and other pests in south east Asia and the Pacific region$fV. P. Rao ...[et al.] 210 $aSlough$cCommonwealth agricultural bureaux$d1971 215 $a149 p.$d25 cm 225 1 $aCommonwealth institute of biological control technical communication$v6 610 0 $aLotta biologica e integrata 676 $a632.7 702 1$aRao,$bVakkethur Prabhaker 712 02$aCommonwealth Institute of Biological Control 801 0$aIT$bUNINA$gRICA$2UNIMARC 901 $aBK 912 $a990002053100403321 952 $a61 VII B.6/53.06$b4500 (24/1/79)$fDAGEN 959 $aDAGEN 996 $aReview of the biological control of insects and other pests in south east Asia and the Pacific region$9406042 997 $aUNINA LEADER 00985nam a2200217 a 4500 001 991001951579707536 008 020 $a8883180011 035 $ab13453063-39ule_inst 040 $aDip.to di Studi Storici$bita 100 1 $aCarena, Carlo$d<1925- >$0168477 245 13$aLa cittą nella poesia latina :$brelazione al Premio di poesia e di traduzione poetica Achille Marazza, Citta di Borgomanero, edizione 1999 /$cCarlo Carena 260 $aBorgomanero :$bFondazione Achille Marazza,$cstampa 2000 300 $a32 p. :$bill. ;$c16 cm 440 0$aQuaderni del premio di poesia Achille Marazza, Cittą di Borgomanero ;$v4 907 $a.b13453063$b02-04-14$c13-11-06 912 $a991001951579707536 945 $aLE023 Misc. St. I, 4 $g1$i2023000091777$lle023$o-$pE3.00$q-$rn$so $t0$u0$v0$w0$x0$y.i14381291$z28-02-07 996 $aCittą nella poesia latina$91098978 997 $aUNISALENTO 998 $ale023$b - - $cm$da $e-$fita$git $h3$i0